000 00337nam a2200121Ia 4500
008 240731s9999 xx 000 0 und d
022 _a1464-5297
245 0 _aSocial Epistemology : A Journal of Knowledge, Culture and Policy
260 _bRoutledge
856 _uhttps://www.tandfonline.com/loi/tsep20
942 _2ddc
942 _cTFEJ
999 _c79415
_d79415
945 _a1
_bMadushi Gamage
_c1
_dMadushi Gamage